• 首页
  • 本馆介绍
  • 公告通知
  • 最新文献
  • 馆藏检索
  • 电子资源
  • 读者导购
  • 参考咨询
  • 我的图书馆
  • 登录
  • 详细信息显示
  • 放入我的书架
  • 预约/预借图书
  • 作者相关作品
  • 分类相关作品
  • 丛书相关作品
  • 出版社相关作品

书目信息

  • 表格格式
  • 工作单格式
  • 卡片格式
题名:
袋式除尘技术手册
    
 
作者: 陈隆枢 , 陶晖 主编
分册:  
出版信息: 北京   机械工业出版社  2010.05
页数: 399页
开本: 26cm
丛书名:
单 册:
中图分类: TM925.31-62
科图分类:
主题词: 日用电气器具
电子资源:
ISBN: 978-7-111-28958-6
000 00625nam0 2200205 450
001 1135878047
005 20110913095959.73
010    @a978-7-111-28958-6@dCNY88.00
100    @a20110913d2010 km y0chiy0120 ea
101 0  @achi
102    @aCN@b110000
200 1  @a袋式除尘技术手册@Adai shi chu chen ji shu shou ce@f陈隆枢,陶晖主编@Fchen long shu,tao hui zhu bian
210    @a北京@c机械工业出版社@d2010.05
215    @a399页@d26cm
606 0  @a日用电气器具
690    @aTM925.31-62@v5
701  0 @a陈隆枢@Achen long shu@4主编
701  0 @a陶晖@Atao hui@4主编
801  0 @aCN@bNISOFT@c20110913
905    @aBZT@dTM925.31-62@e1
    
    袋式除尘技术手册/陈隆枢,陶晖主编.-北京:机械工业出版社,2010.05
    399页;26cm
    
    
    ISBN 978-7-111-28958-6:CNY88.00
    
●
相关链接 在五车中查询图书 在当当中查询图书 在豆瓣中查询图书


正题名:袋式除尘技术手册     索取号:TM925.31-62/1         预约/预借

序号 登录号 条形码 馆藏地/架位号 状态 备注
1 794215   2000794215   样本书库/样007架A面2层2列/ [索取号:TM925.31-62/1] 在馆    
2 794216   2000794216   中心书库中库/ 中库029架A面6列4层20/ [索取号:TM925.31-62/1] 在馆    
3 794217   2000794217   中心书库中库/ 中库029架A面6列5层31/ [索取号:TM925.31-62/1] 在馆    
4 794218   2000794218   中心书库中库/ 中库029架A面6列5层32/ [索取号:TM925.31-62/1] 在馆    
5 794219   2000794219   中心书库中库/ 中库029架A面6列4层18/ [索取号:TM925.31-62/1] 在馆    
6 794220   2000794220   中心书库中库/ 中库029架A面6列4层19/ [索取号:TM925.31-62/1] 在馆    
山东省滨州职业学院图书馆 欢迎您!
大连网信软件有限公司© 版权所有